| 000 | 00570nam a22002297a 4500 | ||
|---|---|---|---|
| 003 | OSt | ||
| 005 | 20140310181737.0 | ||
| 008 | 130320t xxu||||| |||| 00| 0 eng d | ||
| 020 | _a9789810184285 | ||
| 050 |
_aQ 163 _bM9 2004 |
||
| 082 |
_aQ 163 _bM9 2004 |
||
| 245 |
_aMy pals are here! science 6A _cKoh Siew Luan |
||
| 260 |
_aSingapore _bMarshall Cavendish Education _c2004 |
||
| 300 |
_a56 p. _c26 cm |
||
| 521 | _aTeachers | ||
| 541 | _j1 | ||
| 541 | _j1 | ||
| 541 | _j1 | ||
| 541 | _j1 | ||
| 562 | _e4 | ||
| 942 |
_2lcc _cBK-TR _kTR |
||
| 999 |
_c2620 _d2620 |
||